000 00528nam a22001937a 4500
003 MPLRDC
005 20220104142739.0
008 210129b ||||| |||| 00| 0 eng d
020 _a7-5630-2099-3
082 _a528.21 ZH-4 v.1
100 _a周弘
245 _a爸爸您终于长大了
_c
250 _a一版一刷
260 _a中国
_b河海大学出版社
_c2005
300 _b99
490 _a赏识教育“三字经”智慧丛书. 第1辑
650 _a子女教育; 亲子教育
942 _cBK
_o528.21 ZH-4 v.1
999 _c33381
_d33371